Ethnicity and the economy : the state,Chinese business and multinationals in Malaysia

Bibliographic Details
Main Author: Jesudason, James V
Format: Book
Published: Singapore : Oxford University Press , 1990
Subjects:

MARC

LEADER 00000cam a2200000 7i4500
001 0000003101
002 000003354
005 20000330.0
020 |a 0195889703 
090 0 0 |a 330.9595   |b JES 
100 1 |a Jesudason, James V 
245 1 0 |a Ethnicity and the economy :   |b the state,Chinese business and multinationals in Malaysia   |c James V.Jesudason 
260 |a Singapore :   |b Oxford University Press ,   |c 1990 
300 |a 218p. ;   |c 25cm. 
651 0 |a Malaysia   |x Economic conditions 
999 |a 036663   |b BUKU   |c MALAYSIANA   |e PERPUSTAKAAN KOMUNITI PETALING JAYA